The Antique Dealer´s fair and Exhibition (Record no. 4388)

MARC details
000 -CABECERA
campo de control de longitud fija 00764nam a2200217 a 4500
001 - NÚMERO DE CONTROL
campo de control BRCA_4688
005 - FECHA Y HORA DE LA ÚLTIMA TRANSACCIÓN
campo de control 20190320204751.0
008 - DATOS DE LONGITUD FIJA--INFORMACIÓN GENERAL
campo de control de longitud fija 011010s1954----enka######---#000-0#eng-#
041 ## - CÓDIGO DE LENGUA
Código de lengua del texto/banda sonora o título independiente eng
044 ## - CÓDIGO DEL PAÍS DE LA ENTIDAD EDITORA/PRODUCTORA
Código MARC del país enk
050 #4 - SIGNATURA TOPOGRÁFICA DE LA BIBLIOTECA DEL CONGRESO
Número de clasificación N8860
Número de documento/Ítem .A58 1954
245 10 - MENCIÓN DE TÍTULO
Título The Antique Dealer´s fair and Exhibition
Resto del título in the Great Hall Grosvenor House.
260 ## - PUBLICACIÓN, DISTRIBUCIÓN, ETC.
Lugar de publicación, distribución, etc. Londres
Nombre del editor, distribuidor, etc. Greathall Grosvener House
Fecha de publicación, distribución, etc. 1954
300 ## - DESCRIPCIÓN FÍSICA
Extensión 105 p.
Otras características físicas il.
Dimensiones 26 cm.
500 ## - NOTA GENERAL
Nota general Incluye lista alfabética de expositores y dos planos de la exposición
500 ## - NOTA GENERAL
Nota general Catálogo de la exposición realizada en el gran salón de la casa Grosvenor del miércoles 9 de junio al jueves 24 de junio de 1954
500 ## - NOTA GENERAL
Nota general D60
650 14 - PUNTO DE ACCESO ADICIONAL DE MATERIA--TÉRMINO DE MATERIA
Término de materia o nombre geográfico como elemento de entrada Anticuarios
Subdivisión de forma Catálogos
9 (RLIN) 11899
902 ## - CATALOGADOR
Iniciales GFM
942 ## - ELEMENTOS DE PUNTO DE ACCESO ADICIONAL (KOHA)
Fuente del sistema de clasificación o colocación Library of Congress Classification
Tipo de ítem Koha Libros
Holdings
Estado de retiro Estado de pérdida Estado dañado No para préstamo Localización permanente Ubicación/localización actual Fecha de adquisición Número de inventario Total de préstamos Signatura topográfica completa Código de barras Fecha visto por última vez Precio válido a partir de Tipo de ítem Koha
El ejemplar forma parte de la colección y puede ser consultado según las políticas vigentes.       Biblioteca del Museo Franz Mayer (Rogerio Casas-Alatriste) Biblioteca del Museo Franz Mayer (Rogerio Casas-Alatriste) 01/10/2010 D60   N8860 .A58 1954 (D60) 4699 22/03/2019 22/03/2019 Libros